| 000 | 00517cam a22001931 4500 | ||
|---|---|---|---|
| 001 | af 48003305 | ||
| 003 | DLC | ||
| 005 | 20260227110901.0 | ||
| 008 | 890425s1944 be 000 1 dut c | ||
| 010 | _aaf 48003305 | ||
| 035 | _a(OCoLC)19601005 | ||
| 040 |
_aCalifornia. Univ. Libr. _cCU _dDLC |
||
| 042 | _apremarc | ||
| 050 | 0 | 0 |
_aPT6407.B5 _bH4 |
| 100 | 1 |
_aBlommaert, Aloïs, _d1912- |
|
| 245 | 1 | 0 |
_aHeksenjong, _broman van mensch en natuur. |
| 260 |
_aBrussel, _bJ. Meuwissen, _c1944. |
||
| 300 |
_a183 p. _c20 cm. |
||
| 999 |
_c5509 _d5509 |
||